Sấy và bảo quản thóc, ngô giống trong gia đình

Guardado en:
Detalles Bibliográficos
Autor principal: Cao, Văn Hùng
Formato: Libro
Lenguaje:Undetermined
Publicado: Hà Nội Khoa học Kỹ thuật 2001
Materias:
Etiquetas: Agregar Etiqueta
Sin Etiquetas, Sea el primero en etiquetar este registro!
Thư viện lưu trữ: Trung tâm Học liệu Trường Đại học Cần Thơ
LEADER 00579nam a2200205Ia 4500
001 CTU_63337
008 210402s9999 xx 000 0 und d
020 |b 10000 
082 |a 641.4 
082 |b H513 
100 |a Cao, Văn Hùng 
245 0 |a Sấy và bảo quản thóc, ngô giống trong gia đình 
245 0 |c Cao Văn Hùng 
260 |a Hà Nội 
260 |b Khoa học Kỹ thuật 
260 |c 2001 
650 |a Food,Post-harvesting 
650 |x Preservation 
904 |i Minh 
980 |a Trung tâm Học liệu Trường Đại học Cần Thơ